The Sixth Extinction: (Record no. 202945)

MARC details
000 -LEADER
fixed length control field 00617nam a22001937a 4500
005 - DATE AND TIME OF LATEST TRANSACTION
control field 20240517125426.0
010 ## - LCCN (DPL NO)
LC control number ENG-140360
020 ## - INTERNATIONAL STANDARD BOOK NUMBER
International Standard Book Number 9788171921812
Terms of availability 350.00
035 ## - SYSTEM CONTROL NUMBER
System control number EN-123892
037 ## - SOURCE OF ACQUISITION
Source of stock number/acquisition DBAD
082 ## - DEWEY DECIMAL CLASSIFICATION NUMBER
Classification number 551.6
100 ## - MAIN ENTRY--PERSONAL NAME
Personal name Kulkarni, Deepak
245 ## - TITLE STATEMENT
Title The Sixth Extinction:
Remainder of title Global Warming, Cimate Change and Sustainability/
Statement of responsibility, etc by Deepak Kulkarni
260 ## - PUBLICATION, DISTRIBUTION, ETC. (IMPRINT)
Place of publication, distribution, etc Maharashtra
Name of publisher, distributor, etc Dattsons
Date of publication, distribution, etc 2020
270 ## - ADDRESS
Address Jawaharlal Nehru Marg, Sadar, Nagpur
City Maharashtra
Postal code 440001
300 ## - PHYSICAL DESCRIPTION
Extent 78p.
Dimensions 21cm.(pb)
700 ## - ADDED ENTRY--PERSONAL NAME
Personal name Kulkarni, Deepak
9 (RLIN) 66297
942 ## - ADDED ENTRY ELEMENTS (KOHA)
Source of classification or shelving scheme Dewey Decimal Classification
Item type English Books
Classification part 551.6
Call number suffix KUL
Holdings
Withdrawn status Lost status Not for loan Collection code Home library Current library Date acquired Source of acquisition Cost, normal purchase price Full call number Barcode Cost, replacement price Koha item type
      Non-fiction Central Library Central Library 17/05/2024 DBAD 350.00 551.6 KUL EN-123892 350.00 English Books

© Delhi Public Library
Hit Counter
free hit counter